| 000 | 00852nam a22002417a 4500 | ||
|---|---|---|---|
| 003 | BPGM | ||
| 008 | 260618e1997 mx bco|g |||| 001 0 spa d | ||
| 020 | _a968-7377-28-3 | ||
| 040 | _bspa | ||
| 041 |
_aspa _hspa |
||
| 082 | 0 | 4 |
_2900 _a031 |
| 100 |
_aBERRONES MONTES, ROBERTO _eAUTOR |
||
| 245 | _aMUNICIPIO DE JALPAN DE SERRA | ||
| 250 |
_aPRIMERA EDICION _b1997 |
||
| 260 |
_aMEXICO _bGOBIERNO DE ESTADO DE QUERETARO _c1997 |
||
| 300 |
_a111 paginas _c21 cm x 13.8 cm |
||
| 336 |
_2rdacontent _atexto _btxt |
||
| 337 |
_2rdamedia _asin mediación _bn |
||
| 338 |
_2rdacarrier _avolumen _bnc |
||
| 505 | _a Es una monografía que ofrece un recorrido histórico, cultural y social por este municipio de la Sierra Gorda, destacando su papel como centro regional y su riqueza patrimonial. | ||
| 650 | _2GEOGRAFÍA E HISTORIA | ||
| 942 |
_2ddc _cCOLQ |
||
| 999 |
_c68634 _d68634 |
||